Flags With Weapons - Statistics

General Stats
  • This quiz has been taken 45 times
    32 since last reset
  • The average score is 9 of 13
Answer Stats
Weapon Country % Correct
Axes Belize
86%
Spears Kenya
86%
Sword Saudi Arabia
86%
Gun Mozambique
82%
Trident Barbados
79%
Spears Eswatini
68%
Machete Angola
64%
Cannons Haiti
64%
Swords Oman
57%
Gun Guatemala
54%
Sword Iran
50%
Sword Sri Lanka
50%
Spears Ecuador
32%
No matching quizzes found
Score Distribution
Percent of People with Each Score
Percentile by Number Answered
Your Score History
You have not taken this quiz since the last reset